banner-ar

رفاعة رافع الطهطاوى : (Record no. 59626)

MARC details
000 -الفاتح
حقل البيانات ثابتة الطول 00731nam a2200205Ia 4500
005 - وقت وتاريخ اخر تعامل مع التسجيلة
رقم الضبط 20240530110309.0
008 - عناصر البيانات ثابتة الطول - معلومات عامة
حقل البيانات ثابتة الطول 140319s1992 le 000 0 ara d
040 ## - مصدر الفهرسة
وكالة الفهرسة الأصلية GCL /
وكالة النسخ GCL
082 04 - رقم تصنيف ديوى العشرى
رقم التصنيف 920 /
رقم المادة س م
100 0# - المدخل الرئيسى - إسم شخصى
الإسم الشخصى سمير ابوحمدان
245 10 - بيان العنوان
العنوان رفاعة رافع الطهطاوى :
بقية العنوان رائد التحديث الاوروبى فى مصر /
بيان المسئوليه,etc سمير ابوحمدان
260 ## - PUBLICATION, DISTRIBUTION, ETC. (IMPRINT)
تاريخ النشر أو التوزيع 1992
300 ## - الوصف المادى
التعداد 192 ص ؛
أبعاد الوعاء 20 سم
490 #0 - بيان السلسلة
عنوان السلسلة موسوعة عصر النهضة ؛
رقم المجلد/ التعيين التسلسلي 2
650 04 - المدخل الاضافى بالموضوع-مصطلح موضوعى
مصطلح موضوعي رفاعة الطهطاوى
650 04 - المدخل الاضافى بالموضوع-مصطلح موضوعى
مصطلح موضوعي الرجال - تراجم
650 04 - المدخل الاضافى بالموضوع-مصطلح موضوعى
مصطلح موضوعي التعليم - تاريخ
942 ## - عناصر المدخل الإضافي( كوها)
مصدر التصنيف او مخطط الترفيف Dewey Decimal Classification
Koha [default] item type المراجع
260 ## - PUBLICATION, DISTRIBUTION, ETC. (IMPRINT)
-- بيروت :
-- الشركة العالمية للكتاب ش م ل ،
Holdings
حالة التراجع حالة الفقد حالة تلف ليس للاعارة المكان المؤقت الموقع الحالى تاريخ الاكتساب اجمالي اﻻعارات رقم الطلب الباركود تاريخ اخر مشاهدة تاريخ تفعيل السعر نوع وعاء كوها تبصرة عامة
        مكتبة القاهرة الكبرى مكتبة القاهرة الكبرى 03/26/2014   920 \ س م 157471 03/26/2014 05/30/2024 المراجع الهجاء على اساس المؤلف والسلسلة
        مكتبة القاهرة الكبرى مكتبة القاهرة الكبرى 03/26/2014   920 \ س م 157472 03/26/2014 05/30/2024 المراجع الهجاء على اساس المؤلف والسلسلة
        مكتبة القاهرة الكبرى مكتبة القاهرة الكبرى 03/26/2014   920 \ س م 157473 03/26/2014 05/30/2024 المراجع الهجاء على اساس المؤلف والسلسلة
        مكتبة القاهرة الكبرى مكتبة القاهرة الكبرى 03/26/2014   920 \ س م 157474 03/26/2014 05/30/2024 المراجع الهجاء على اساس المؤلف والسلسلة
        مكتبة القاهرة الكبرى مكتبة القاهرة الكبرى 03/26/2014   920 \ س م 157475 03/26/2014 05/30/2024 المراجع الهجاء على اساس المؤلف والسلسلة
        مكتبة القاهرة الكبرى مكتبة القاهرة الكبرى 03/26/2014   920 \ س م 157476 03/26/2014 05/30/2024 المراجع الهجاء على اساس المؤلف والسلسلة

Powered By

EGPV